000 01318cam a22003617a 4500
003 CHAP
005 20220329142317.0
008 000607d2000 mx r 00110 spa d
010 _a81448
011 _a82420
035 _a92915
040 _cCHAP
090 _aTesis
100 0 0 _aGordillo López, Eric.
_950002
245 1 0 _aEvaluación de la regeneración natural de cedro rojo (Cedrela odorata L.) y caoba (Swietenia macrophylla King.) en la zona maya de Quintana Roo, México
_c/por Eric Gordillo López
260 _aChapingo, Méx. :
_bEl autor,
_c2000.
300 _a97 h. ;
_bgráfs.
502 _aTesis (Ing. Forestal) -- UACH. División de Ciencias Forestales
590 _aALEPH
_b10
_c20130110
_lUCH01
_h1436
590 _aBATCH-UPD
_b10
_c20130109
_lUCH01
_h2307
590 _aBATCH-UPD
_b10
_c20130110
_lUCH01
_h2306
590 _aBATCH-UPD
_b10
_c20130410
_lUCH01
_h1558
590 _aBATCH-UPD
_b10
_c20130914
_lUCH01
_h0838
590 _aCONVERSION
_b10
_c20130109
_lUCH01
_h1345
650 1 1 _aRegeneración (Biología)
_995635
650 1 4 _aCaoba
_xQuintana Roo.
_918566
650 1 4 _aCedrela odorata.
_920856
901 _aBK
905 _aAlejandra Carrasco M.
942 _cFOLL
949 _bBC
_cTES
_d33724000783494
_eTS2
_fc.2
_h36466
_i92915
_si
949 _bBC
_cTES
_d929151
_eTS1
_h36465
_i92915
_sb
999 _c81448
_d81448